Các quá trình, thiết bị trong công nghệ hoá chất và thực phẩm T.1 : Các quá trình thủy lực, bơm, quạt, máy nén

Kaydedildi:
Detaylı Bibliyografya
Yazar: Nguyễn Bin, GS.TSKH
Materyal Türü: Kitap
Dil:Vietnamese
Baskı/Yayın Bilgisi: Khoa học và kỹ thuật 2002
Etiketler: Etiketle
Etiket eklenmemiş, İlk siz ekleyin!
Thư viện lưu trữ: Mạng thư viện Đại học Đà Nẵng
LEADER 00746nam a2200253 4500
001 000021011
003 17458
005 20150401150453.0
008 150401s2002 viesd
020 |c 32.000 
041 0 |a vie 
082 1 4 |a 664,0028  |b NG-B 
100 1 |a Nguyễn Bin, GS.TSKH 
245 1 0 |a Các quá trình, thiết bị trong công nghệ hoá chất và thực phẩm T.1 : Các quá trình thủy lực, bơm, quạt, máy nén  |c Nguyễn Bin 
260 |b Khoa học và kỹ thuật  |c 2002 
300 |a tr.  |c cm. 
OWN |a LSP 
999 |a From the UDN01 
TYP |a Monograph 
TYP |a Printed language 
980 |a Mạng thư viện Đại học Đà Nẵng